Loading...
| Science - Biology | 0 | 8 | 0 | 2 | 80 | 45 | 69.50 | 1 | 6 | 24.48 | 49.64 |
| Fine Arts - Classical Music | 0 | 3 | 1 | 0 | 25 | 79 | 98.67 | 0 | 3 | 5.84 | 19.17 |
| Social Science | 0 | 2 | 0 | 0 | 20 | 40 | 60.00 | 1 | 2 | 11.59 | 24.49 |
| History - World | 0 | 2 | 0 | 0 | 20 | 29 | 46.50 | 0 | 1 | 11.02 | 14.05 |
| Mythology | 0 | 2 | 0 | 1 | 20 | 76 | 92.00 | 0 | 1 | 3.57 | 4.76 |
| Science - Chemistry | 0 | 4 | 4 | 1 | 20 | 10 | 70.00 | 2 | 3 | 12.53 | 30.00 |
| Science - Physics | 0 | 2 | 1 | 0 | 15 | 25 | 37.50 | 1 | 1 | 13.24 | 13.33 |
| Fine Arts - Painting and Sculpture | 0 | 2 | 1 | 0 | 15 | 50 | 66.00 | 1 | 2 | 9.11 | 18.33 |
| Fine Arts - Other | 0 | 1 | 0 | 0 | 10 | 95 | 95.00 | 0 | 1 | 1.67 | 6.67 |
| Popular Culture | 0 | 1 | 0 | 0 | 10 | 71 | 71.00 | 0 | 0 | 7.09 | 10.00 |
| History - Other | 0 | 1 | 0 | 0 | 10 | 33 | 33.00 | 1 | 1 | 6.76 | 10.00 |
| Philosophy | 0 | 1 | 0 | 0 | 10 | 106 | 106.00 | 0 | 0 | 0.00 | 1.85 |
| History - American | 0 | 1 | 0 | 0 | 10 | 72 | 72.00 | 0 | 1 | 3.08 | 6.67 |
| Science - Other | 0 | 2 | 3 | 0 | 5 | 42 | 68.00 | 0 | 2 | 6.59 | 11.67 |
| Religion | 0 | 1 | 2 | 0 | 0 | 98 | 98.00 | 0 | 1 | 1.76 | 6.67 |
| Geography | 0 | 0 | 1 | 0 | -5 | 0.00 | 0 | 0 | 0.00 | 0.00 | |
| Literature - World | 0 | 0 | 1 | 0 | -5 | 0.00 | 0 | 0 | 0.00 | 0.00 | |
| History - European | 0 | 0 | 1 | 0 | -5 | 0.00 | 0 | 0 | 0.00 | 0.00 |